000 00548nam a2200205 a 4500
001 17512
003 CO-ViMGA
008 141112s2004 ck r 000 u spa d
020 _a842461934X
040 _aCO-ViMGA
_bspa
_cCO-ViMGA
082 0 4 _aCOTp
100 1 _aCots, Jordi
_924823
245 1 0 _aPituso
260 _aBarcelona (España),
_cLagalera,
_c1994
300 _a26.p.
590 _aForma de adquisición : Premio - Mincultura
650 1 4 _aCUENTOS INFANTILES
_92743
650 1 4 _aCUENTOS INFANTILES CATALANES
_924824
942 _2ddc
_cBK
999 _c27027
_d27027